00457nam a2200133 a 450000100100000000500170001000800410002704000250006808200090009310000450010224500800014726000760022730000200030300002236420240305073654.0101005s1961 dr 001 0 spa d aDO-SdBNPbspacBNPHU axxxx1 aRodríguez Demorizi, Emilio,d1908-198610aReconstrucción de un régimen político /cEmilio Rodríguez Demorizi. aCiudad Trujillo, República Dominicana :bImpresora Dominicana,c1961. a11 p. ;c22 cm.